-
GOKHALE,S.B. ,KOKTE,DR. C.K. AND BIDARKAR,DR. D.S
Entry Personal Name
Number of records used in: 1
001 - CONTROL NUMBER
003 - CONTROL NUMBER IDENTIFIER
005 - DATE AND TIME OF LATEST TRANSACTION
- control field:
20240108111438.0
008 - FIXED-LENGTH DATA ELEMENTS
- fixed length control field:
240108|| aca||aabn | a|a d
040 ## - CATALOGING SOURCE
- Original cataloging agency:
JRU
- Transcribing agency:
JRU
100 ## - HEADING--PERSONAL NAME
- Personal name:
GOKHALE,S.B. ,KOKTE,DR. C.K. AND BIDARKAR,DR. D.S
670 ## - SOURCE DATA FOUND
- Source citation:
Work cat.: (JRU)5801: GOKHALE,S.B. ,KOKTE,DR. C.K. AND BIDARKAR,DR. D.S, TEXTBOOK OF PHARMACEUTICAL BIOLOGY